| 000 | 01304cam a2200241 4500 | ||
|---|---|---|---|
| 001 | WB3939-10 | ||
| 008 | 031014n2003 000 0 eng u | ||
| 035 | _a(Sirsi) u123915 | ||
| 245 | _aRenewal pathfinder gets £125m | ||
| 260 | _c2003 | ||
| 490 |
_aRegeneration and Renewal _v 10 October 2003, 1 |
||
| 490 |
_aInside Housing _v 10 October 2003, 2 |
||
| 490 |
_aODPM News Release _v (200) 6 October 2003, (4) |
||
| 520 | _aGovernment has provided £125m for the first of its pathfinder projects to renew the housing markets in nine areas about the country. Manchester is the first project to receive money to counter the collapsing housing market and help revitalise communities. The other areas are Birmingham and Sandwell, Merseyside, Newcastle and Gateshead, North Staffordshire, Oldham and Rochdale and South Yorkshire. A report by the Audit Commission praising the Manchester project is available online at http://www.audit-commission.gov.uk. Some of the areas have expressed concern that the money may be insufficient. | ||
| 590 | _aWB | ||
| 650 | _aURBAN REGENERATION | ||
| 650 | _aHOUSE RENOVATIONS | ||
| 650 | _aCOMMUNITY SCHEMES | ||
| 650 | _aGOVERNMENT FUNDING | ||
| 650 | _aDEPRIVED AREAS | ||
| 690 | _aPROPERTY-RESIDENTIAL PROPERTY-RESIDENTIAL PROPERTY MARKET | ||
| 942 | _n0 | ||
| 999 |
_c73588 _d73588 |
||